| 000 | 00443nam a2200133 a 4500 | ||
|---|---|---|---|
| 001 | 000031942 | ||
| 005 | 20200930063311.0 | ||
| 008 | 110707s1991 dr a 000 0 spa d | ||
| 040 |
_aDO-SdBNP _bspa _cBNPHU |
||
| 245 | 0 | 0 |
_aQué pasa, qué queremos, qué podemos hacer? : _bel diagnóstico comunitario. |
| 260 |
_aSanto Domingo : _bCentro de Salidaridad para el Desarrllo de la Mujer, _c1991. |
||
| 300 |
_a26 p. : _bil. ; _c28 cm. |
||
| 049 | _aBNPD | ||
| 999 |
_c31433 _d31433 |
||